Detalles MARC
| 000 -LÍDER |
| Campo fijo de descripción fija |
02115nam a2200337 i 4500 |
| 001 - NÚMERO DE CONTROL |
| Campo de control |
768714001 |
| 003 - IDENTIFICADOR DEL NÚMERO DE CONTROL |
| Campo de control |
CO-MdFUSB |
| 005 - FECHA Y HORA DE LA ULTIMA TRANSACCIÓN |
| control field |
20230516150809.0 |
| 007 - CAMPO FIJO DE DESCRIPCIÓN FIJA--INFORMACIÓN GENERAL |
| Campo fijo de descripción fija |
ta |
| 008 - ELEMENTOS DE LONGITUD FIJA -- INFORMACIÓN GENERAL |
| Campo fijo de descripción fija -- Información general |
950504t1995 kyu b 000 0 eng a |
| 020 ## - NÚMERO INTERNACIONAL NORMALIZADO PARA LIBROS |
| Número Internacional Normalizado del libro |
0664255590 |
| 040 ## - FUENTE DE CATALOGACIÓN |
| Agencia de catalogación original |
DEUSTO. |
| Idioma de catalogación |
spa |
| Agencia que realiza la transcripción |
CO-MdFUSB |
| Agencia que realiza la modificación |
CO-MdFUSBC |
| Convenciones de la descripción |
rda |
| 041 1# - CÓDIGO DE IDIOMA |
| Código de idioma para texto/pista de sonido o título separado |
eng |
| 082 ## - NÚMERO DE CLASIFICACIÓN DECIMAL DEWEY |
| Número de la edición del Dewey |
23 |
| Número de clasificación |
223.707 |
| Clave de autor-Numero de item |
W527 |
| 100 1# - ASIENTO PRINCIPAL--NOMBRE PERSONAL |
| Nombre personal |
Westermann, Claus |
| Término relacionador |
autor |
| 245 10 - TÍTULO |
| Título del Material |
Roots of wisdom : |
| Parte restante del título - Subtitulo |
the oldest proverbs of israel and other peoples |
| Mención de responsabilidad, etc. |
/ Claus Westermann ; traducido por J. Daryl Charles |
| 264 #1 - PRODUCCIÓN, PUBLICACIÓN, DISTRIBUCIÓN, MANUFACTURA, Y COPYRIGHT |
| Lugar de producción, publicación, distribución, manufactura |
Louisville, Kentucky : |
| Nombre del productor, publicador, distribuidor |
Westminster John Knox Press, |
| Fecha de producción, publicación, distribución, manufactura, o copyright |
[1995] |
| 264 #4 - PRODUCCIÓN, PUBLICACIÓN, DISTRIBUCIÓN, MANUFACTURA, Y COPYRIGHT |
| Fecha de producción, publicación, distribución, manufactura, o copyright |
© 1995 |
| 300 ## - DESCRIPCIÓN FÍSICA |
| Extensión |
178 páginas ; |
| Dimensiones |
23 cm |
| 336 ## - TIPO DE CONTENIDO |
| Fuente |
rdacontent |
| Término de tipo de contenido |
texto |
| Código de tipo de contenido |
txt |
| 337 ## - TIPO DE MEDIO |
| Fuente |
rdamedia |
| Nombre del tipo de medio |
sin mediación |
| Código del tipo de medio |
n |
| 338 ## - TIPO DE SOPORTE |
| Fuente |
rdacarrier |
| Nombre del tipo de soporte |
volumen |
| Código Tipo de soporte |
nc |
| 505 ## - NOTA DE CONTENIDO |
| Nota de contenido con formato preestablecido |
Declaraciones proverbiales. -- Proverbios exhortativos (dichos imperativos). -- Poesía en el Libro de los Proverbios. -- Proverbios en el Antiguo Testamento fuera de Proverbios 10-31. -- El paso de la sabiduría proverbial a la poesía didáctica. -- Un bosquejo de sabiduría crítico con la forma. -- Proverbios de sabiduría como palabras de Jesús. -- Dios y la humanidad en la sabiduría proverbial temprana. |
| 520 ## - NOTA DE RESUMEN, ETC. |
| Nota de sumario, etc. |
En este libro, Claus Westermann argumenta que la temprana literatura sapiencial de Israel surgió de una tradición oral que reflejaba un entorno agrario. Tratando principalmente con Proverbios 10-31, Westermann demuestra cómo la literatura sapiencial evolucionó hacia una forma de poesía que tuvo un mayor atractivo universal a medida que el pueblo de Israel se urbanizaba más. Una característica distintiva de Roots of Wisdom es el uso que hace Westermann de otros dichos sapienciales, en particular los de la antigua África, para ilustrar la progresión lógica de la poesía sapiencial desde simplemente observacional hasta ser de carácter más universal.<br/> |
| 563 ## - NOTA DE ENCUADERNACIÓN |
| Nota de encuadernación |
Rústico |
| 630 07 - TITULO UNIFORME |
| Título uniforme |
Biblia. |
| Nombre de parte o sección de la obra |
Proverbios |
| Subdivisión de materia general |
Crítica, interpretación, etc |
| 700 ## - ASIENTO SECUNDARIO - NOMBRE PERSONAL |
| 9 (RLIN) |
7901 |
| Nombre personal |
Charles, J. Daryl, |
| Responsabilidad |
traductor |
| 942 ## - TIPO DE MATERIAL (KOHA) |
| Tipo de Item KOHA |
Libros General |
| 945 ## - INFORMACIÓN LOCAL DEL REGISTRO |
| Catalogador |
JTF-925 |